000 01348nam a22002417a 4500
001 8159
003 FISKH
005 20250829103447.0
008 250829b cb ||||| |||| 00| 0 eng d
020 _a9781597071802
040 _aFISKH
_beng
_cFISKH
_dFISKH
082 _a741.5
100 _aFarshtey, Greg
245 _aLegends of Bara Magna :
_bBionicle, Volumn 8 /
_cWriters : Greg Farshtey ; Artist : Christian Zanier and Stuart Sayger
260 _aNew York :
_bPapercutz,
_c2010.
300 _a84 pages :
_bcolor illustrations ;
_c20 cm
520 _aFor the very first time, Papercutz presents all-new BIONICLE stories never before seen anywhere else, with three stories from BIONICLE scribe Greg Farshtey! "Legends of Bara Magna" tells the tale of the great war that lead to the creation of this harsh region, and the epic conflicts that have defined its existence. From shape-shifting warriors to battles in the brutal deserts of this savage land, "Legends of Bara Magna" provides BIONICLE followers not only with new storylines, but also presents characters never before seen in any BIONICLE comics. This graphic novel is a must-have for all BIONICLE fans!
650 _aFantasy
_vFiction
_xOwned
700 _aZanier, Christian
_eillustrator
700 _aSayger, Stuart
_eillustrator
942 _2ddc
_cBK
_n0
999 _c8159
_d8159